National culture dimensions and macro-indicators. Power distance in Slovakia

Prezentovaný matematický model ako jeden z nástrojov klasifikácie aspektov národnej kultúry a pochopenie manažérskych praktík v globálnom podnikateľskom prostredí. Vývoj miestnych manažérskych praktík. Model nie je len klasifikáciou rozdielnych kultúrnych prostredí, ale formuje základ pre budúce hod...

ver descrição completa

Na minha lista:
Detalhes bibliográficos
Autor principal: Luptáková, Stanislava
Outros Autores: Vargic, Branislav, Kincel, Ivan
Formato: Capítulo de Livro
Idioma:inglês
Assuntos:
Tags: Adicionar Tag
Sem tags, seja o primeiro a adicionar uma tag!

MARC

LEADER 00000naa$a2200000$$$4500
001 0024918
005 20231102102850.5
041 0 |a eng 
044 |a SK 
245 1 0 |a National culture dimensions and macro-indicators. Power distance in Slovakia  |c Stanislava Luptáková, Branislav Vargic, Ivan Kincel 
520 |a Prezentovaný matematický model ako jeden z nástrojov klasifikácie aspektov národnej kultúry a pochopenie manažérskych praktík v globálnom podnikateľskom prostredí. Vývoj miestnych manažérskych praktík. Model nie je len klasifikáciou rozdielnych kultúrnych prostredí, ale formuje základ pre budúce hodnotenie manažérskeho štýlu na Slovensku. Testovanie hodnoty Power Distance Index (PDI) na území SR. 
610 2 0 |a manažment personálny 
610 2 0 |a zdroje ľudské 
610 2 0 |a indexy 
610 2 0 |a kultúra 
610 2 0 |a štýl vedenia 
610 2 0 |a ukazovatele makroekonomické 
610 2 0 |a modely matematické 
610 2 0 |a Slovensko 
100 1 |a Luptáková, Stanislava 
700 1 |a Vargic, Branislav 
700 1 |a Kincel, Ivan